000 03724 a2200445 4500
005 20090508103828.0
008 090508t xxu||||| |||| 00| 0 eng d
010 _aENG-89445 B-308423-435
020 _a9788120334090
_c325.00
035 _aEN-72978
035 _aB-308423-435
037 _bDBAD / PUB
037 _bUBH
040 _adpl
_bEnglish
082 _a621.392
100 _aRajaraman, V.
245 _aAn introduction to digital computer design/
_cby V. Rajaraman [ and ]T. Radhakrishnan
250 _a5th ed
260 _aNew Delhi
_bPrentice-Hall of India
_c2008
270 _aM-97, Connaught Circus,
_bNew Delhi
_cDelhi
_e110001
300 _axi, 512p.
_c23 cm. (pbk)
500 _aIncludes index.
700 _aRadhakrishnan, T.
942 _adpl
_cEN
_k621.392 / RAJ
_2ddc
_h621.392
_mRAJ
999 _c10642
_d10642